| 000 | 00856nam a2200277 4500 | ||
|---|---|---|---|
| 001 | 16799 | ||
| 003 | BD-RjUL | ||
| 005 | 20211209000043.0 | ||
| 008 | 140215s1967 enkaf b 001 0 eng | ||
| 035 | _a(BD-RjUL)16854 | ||
| 040 |
_aDLC _cDLC _dDLC _dBD-RjUL _beng |
||
| 041 | _aeng | ||
| 082 | 0 | 0 |
_a709.51 _bPRI 1967 |
| 100 | 1 |
_aProdan, Mario. _951878 |
|
| 245 | 1 | 3 |
_aAn introduction to Chinese art / _cMario Prodan |
| 250 | _aNew ed. | ||
| 260 |
_aLondon : _bSpring Books, _c1967. |
||
| 300 |
_a220 p. : _billus., 71 plates (incl. 7 col.) ; _c20 cm. |
||
| 500 | _aOriginally published as Chinese art: an introduction. London, Hutchinson, 1958. | ||
| 504 | _aBibliography: p. 209-213. and index. | ||
| 650 | 0 |
_aArt, Chinese. _950549 |
|
| 942 |
_2ddc _cBK |
||
| 999 |
_c16799 _d16799 |
||